Meilleurs sons de Green Montana - Statistiques

Statistiques générales
  • Ce quiz a été pris 371 fois
    197 depuis la dernière actualisation
  • Le résultat moyen est 7 sur 15
Statistiques - réponses
Rang Titres Streams % Correct
15 barcelona92 (ft. SDM) 25,8M
86%
3 NEYMAR JR (ft. SDM) 28,8M
78%
4 EVIDEMMENT (ft. SDM) 28,1M
75%
1 FUM22 NOCIVE 62,3M
74%
5 TOUT GACHER (ft. Booba) 26,4M
55%
6 BB PART.3 21,7M
49%
7 LE ZEN ET LES SEINS 18,4M
46%
2 PARFUM 29,4M
43%
8 SALE TCHOIN 14,0M
43%
10 92i (ft. SDM, Booba, Bilton, Sicario) 10,5M
41%
9 CHAQUE JOUR DE LA SEMAINE 14,8M
37%
12 Amsterdam 9,2M
30%
14 Nwar sur Nwar (ft. SDM) 8,9M
28%
15 PALM ANGELS 8,4M
27%
13 Juste un moment 9,1M
22%
Aucun quiz correspondant
Distribution des résultats
% des personnes avec chaque résultat
Percentile par nombre de réponses
Votre historique - résultats
Vous n’avez pas pris ce quiz depuis la dernière actualisation